00534nam a22001457a 4500003000400000005001700004008004100021040001400062100002200076245011300098260000900211300002900220500010700249504003200356OSt20171010095451.0120626t xxu||||| |||| 00| 0 eng d aMMSUcULS aJacinto, Joel B.  aEffect of fruit maturity and drying methods on the germination of jatropha curcas L. seedscJoel B. Jacinto  c2008 axiv, 46 leaves c28 cm.  aThesis (BS Forestry) -- Mariano Marcos State University-College of Agriculture & Forestry, Batac City  aBibliography: leaves 38-39